000 01205nam a2200289 4500
001 0000017474
003 CO-CtgCURN
005 20250515220940.0
007 ta
008 160627s1999 000 0 eng d
020 _a9586760669
040 _aCO-CtgCURN
_bspa
_ccoctgcurn
082 0 _a347.05
_bV45t
100 1 _aVillamil Portilla, Edgardo.
245 1 0 _aTeoria constitucional del proceso /
_cEdgardo Villamil Portilla.
260 _aBogotá :
_bEdiciones Doctrina y Ley,
_c1999.
300 _a906 p.
336 _2rdacontent
337 _2rdamedia
_asin mediacion
_bn
338 _2rdacarrier
_avolumen
_bnc
505 8 _aDerecho procesal y sistema.--Principios del derecho procesal.--Principio del debido proceso.--Principio de la doble instancia.--Principio de necesaria motivacion de las sentencias.--Principio la verdad procesal.--Principio de imparcialidad.--Oralidad y escritura.--Administracion de justicia por los particulares
650 1 4 _aProcesos (Derecho)
_zColombia.
908 _a160627
942 _cBK
_h347.05
_iV45t
_2ddc
_n0
999 _c20466
_d20466